FUNDAMENTALS OF PHARMACY : FOR GPAT & NIPER (Record no. 8946)

MARC details
000 -LEADER
fixed length control field 00490nam a22001817a 4500
005 - DATE AND TIME OF LATEST TRANSACTION
control field 20251127120614.0
008 - FIXED-LENGTH DATA ELEMENTS--GENERAL INFORMATION
fixed length control field 251121b |||||||| |||| 00| 0 eng d
020 ## - INTERNATIONAL STANDARD BOOK NUMBER
ISBN 978-93-88022-00-2
041 ## - LANGUAGE CODE
Language code of text/sound track or separate title eng
082 ## - DEWEY DECIMAL CLASSIFICATION NUMBER
Classification number 615 GOH-F
100 ## - MAIN ENTRY--AUTHOR NAME
Personal name GOHIL,, CHIRAG KUMAR J.
245 ## - TITLE STATEMENT
Title FUNDAMENTALS OF PHARMACY : FOR GPAT & NIPER
250 ## - EDITION STATEMENT
Edition statement RE.P. ED. 2024
260 ## - PUBLICATION, DISTRIBUTION, ETC. (IMPRINT)
Place of publication NEW DELHI
Name of publisher INNOVATIVE PUBLICATION PVT. LTD
300 ## - PHYSICAL DESCRIPTION
Number of Pages 69;P
650 ## - SUBJECT ADDED ENTRY--TOPICAL TERM
Topical Term PHARMACY
General subdivision B,PHARMA
942 ## - ADDED ENTRY ELEMENTS (KOHA)
Koha item type Books
Holdings
Lost status Damaged status Collection code Home library Current library Date acquired Source of acquisition Cost, normal purchase price Full call number Accession Number Koha item type
    PHARMACY JRU Library JRU Library 14/11/2025 PURCHASE 375.00 615 29056 Books